Seguros de accidentes del trabajo (Record no. 140470)

MARC details
000 -LEADER
campo de control de longitud fija 00688nam a2200181 4500
001 - NÚMERO DE CONTROL
campo de control 140470
003 - IDENTIFICADOR DE NÚMERO DE CONTROL
campo de control ES-MaACL
005 - FECHA Y HORA DE LA ÚLTIMA TRANSACCIÓN
campo de control 20250811072555.0
007 - CAMPO FIJO DE DESCRIPCIÓN FÍSICA--INFORMACIÓN GENERAL
campo de control de longitud fija t|
008 - DATOS DE LONGITUD FIJA--INFORMACIÓN GENERAL
campo de control de longitud fija 070214n19561959sp r ||||1| spa d
110 2# - ENTRADA PRINCIPAL--NOMBRE DE ENTIDAD CORPORATIVA
Nombre de entidad corporativa o nombre de jurisdicción como elemento de entrada España.
Título de la obra Leyes, etc.
9 (RLIN) 184149
245 10 - MENCIÓN DEL TÍTULO
Título Seguros de accidentes del trabajo
Resto del título : texto refundido de la Ley de Seguros de Accidentes del Trabajo ; y Reglamento de aplicacion del texto refundido de la legislacion : (Decretos del 22 de junio de 1956).
260 ## - PUBLICACIÓN, DISTRIBUCIÓN, ETC.
Lugar de publicación, distribución, etc. Valladolid :
Nombre del editor, distribuidor, etc. Gerper,
Fecha de publicación, distribución, etc. [195_?]
300 ## - DESCRIPCIÓN FÍSICA
Extensión 109 p. ;
Dimensiones 23 cm.
710 1# - ENTRADA AGREGADA--NOMBRE DE ENTIDAD CORPORATIVA
Nombre de entidad corporativa o nombre de jurisdicción como elemento de entrada España.
Unidad subordinada Ministerio de Trabajo
9 (RLIN) 3924
852 ## - LOCALIZACIÓN
Ubicación ES-MaACL
Número de control de estantería 1985-F-18
Sublocalización o colección R.39317
Holdings
Estatus retirado Estado de pérdida Estado de daño No para préstamo Colección Biblioteca de origen Biblioteca actual Ubicación en estantería Fecha de adquisición Fuente de adquisición Total de préstamos Signatura topográfica completa Código de barras Visto por última vez Precio de reemplazo Tipo de ítem Koha
        Colección de folletos Biblioteca del Ateneo de Madrid Biblioteca del Ateneo de Madrid Depósito folletos 17/01/2008     1985-F-18 1146178 23/02/2023 23/02/2023 Folleto